[Event "TCh-SVK"]
[Site "SVK"]
[Date "2000.11.26"]
[Round "4"]
[White "Tomcik,M"]
[Black "Dovzik,J"]
[Result "1-0"]
[WhiteElo "2210"]
[BlackElo "2386"]

1.e4 c5 2.Nf3 e6 3.d4 cxd4 4.Nxd4 Nc6 5.Nb5 Nf6 6.N1c3 d6 7.Bf4 e5 8.Bg5 a6
9.Bxf6 gxf6 10.Na3 b5 11.Nd5 f5 12.Bxb5 axb5 13.Nxb5 Rb8 14.Nbc7+ Kd7 15.Qh5 Ne7
16.Qxf7 Kc6 17.b4 Nxd5 18.Nxd5 Qd7 19.Qh5 fxe4 20.c4 Qg4 21.Qe8+ Qd7 22.Qh5 Qf5
23.Qd1 Ra8 24.a4 Rg8 25.a5 Rxg2 26.Qa4+  1-0

[Event "FSIMB December"]
[Site "Budapest HUN"]
[Date "2000.12.08"]
[Round "6"]
[White "Farago,S"]
[Black "Erdelyi,Z"]
[Result "1/2-1/2"]
[WhiteElo "2292"]
[BlackElo "2207"]

1.e4 c5 2.Nf3 e6 3.d4 cxd4 4.Nxd4 Nc6 5.Nb5 d6 6.a4 Nf6 7.N1c3 a6 8.Na3 d5
9.exd5 exd5 10.Bd3 Be7 11.O-O O-O 12.Bf4 d4 13.Ne2 Nd5 14.Bg3 Bg4 15.Nc4 f5
16.f3 Bh5 17.Nf4 Bf7 18.Qe2 Nxf4 19.Bxf4 Bc5 20.Qf2 Qd5 21.Qg3 Rfe8 22.Rae1 Bb4
23.Rxe8+ Rxe8 24.h4 Kh8 25.Qg5 Be7 26.Qg3 Bb4 27.b3 b5 28.axb5 axb5 29.Nb6 Qc5
30.Nd7 Qd5 31.Nb6 Qc5 32.Nd7 Qd5 33.Nb6 Qc5 34.Nd7 Qd5  1/2-1/2

[Event "North American Open"]
[Site "Las Vegas USA"]
[Date "2000.12.26"]
[Round "1"]
[White "Tylevich,D"]
[Black "Adianto,U"]
[Result "0-1"]
[WhiteElo "2294"]
[BlackElo "2583"]

1.e4 c5 2.Nf3 e6 3.d4 cxd4 4.Nxd4 Nc6 5.Nb5 d6 6.c4 Nf6 7.N1c3 a6 8.Na3 Be7
9.Be2 O-O 10.O-O b6 11.b3 Bb7 12.Bb2 Ne5 13.f3 Ng6 14.Re1 Qb8 15.Kh1 Rd8
16.Qd4 d5 17.Qxb6 d4 18.Na4 d3 19.Bf1 Nd7 20.Qf2 Bc6 21.Nc3 Bc5 22.Qd2 Qd6
23.Nab1 Qd4 24.Ne2 Qf2 25.Nbc3 dxe2 26.Bxe2 Nde5 27.Qg5 h6 28.Qc1 Be3 29.Qb1 Nf4  0-1

[Event "Anibal Open"]
[Site "Anibal Open ESP"]
[Date "2001.01.10"]
[Round "3"]
[White "Herrera,I"]
[Black "Fominyh,A"]
[Result "1-0"]
[WhiteElo "2467"]
[BlackElo "2594"]

1.e4 c5 2.Nf3 Nc6 3.d4 cxd4 4.Nxd4 e6 5.Nb5 d6 6.Bf4 e5 7.Be3 a6 8.N5c3 Nf6
9.Bg5 Be7 10.Bxf6 Bxf6 11.Nd2 Be6 12.Nc4 Nd4 13.Bd3 Rc8 14.Ne3 Bg5 15.Ncd5 O-O
16.c3 Nc6 17.O-O g6 18.Be2 Kh8 19.Kh1 Bh6 20.Qd2 Bxe3 21.Nxe3 Qb6 22.Bd3 Ne7
23.f4 exf4 24.Rxf4 Nc6 25.Bc4 Bxc4 26.Nxc4 Qc7 27.Ne3 Qe7 28.Nd5 Qe5 29.Raf1 f5
30.Qf2 Qe6 31.exf5 Rxf5 32.Rxf5 Qxf5 33.Qxf5 gxf5 34.Rxf5 Re8 35.h3 Ne7 36.Nxe7 Rxe7
37.Rf2 Kg7 38.Kh2 Re1 39.Rd2 Re6 40.g4 Kf6 41.Kg3 Re3+ 42.Kf4 Re6 43.h4 b5
44.h5 h6 45.Rd5 Ke7 46.g5 hxg5+ 47.Kxg5 Re2 48.Kg6 Kf8 49.Rxd6  1-0

[Event "Match EST-FIN"]
[Site "Norlandia SEA"]
[Date "2001.01.14"]
[Round "1"]
[White "Kiltti,J"]
[Black "Seeman,T"]
[Result "1/2-1/2"]
[WhiteElo "2228"]
[BlackElo "2398"]

1.e4 c5 2.Nf3 e6 3.d4 cxd4 4.Nxd4 Nc6 5.Nb5 d6 6.c4 Nf6 7.N1c3 a6 8.Nd4 Bd7
9.Be2 Be7 10.g4 h6 11.h4 Nxd4 12.Qxd4 e5 13.Qd1 Bc6 14.Bf3 Nd7 15.g5 hxg5
16.hxg5 Rxh1+ 17.Bxh1 Bxg5 18.Qxd6 Bxc1 19.Rxc1 Qh4 20.Ke2 Qe7 21.Qxe7+ Kxe7
22.Nd5+ Bxd5 23.cxd5 Kd6 24.Bf3 Rh8 25.Rh1 Rxh1 26.Bxh1 Kc5 27.Kd3 Nb6 28.a3 a5
29.b3 Nc8 30.Kc3 Nd6 31.b4+ axb4+ 32.axb4+ Kb6 33.Bg2 g6 34.f3 f5 35.Kb3 Kc7
36.Kc3 g5 37.Kd3 fxe4+ 38.fxe4 Ne8 39.Bh3 Nf6 40.Bf5 Kb6 41.Ke3 Kc7 42.Kf3 Kd6
43.Be6 Ke7 44.Bf5 Ne8 45.Bg4 Nd6 46.Be6 b6 47.Bg4 Nc4 48.Bf5 Kf6 49.Bd7 Nd2+
50.Ke3 Nb3 51.Bg4 Nd4 52.Kd3 Nb5 53.Ke3 Ke7 54.Be6 Kd6 55.Bg4 Nc7 56.Kd3 Ne8
57.Bf5 Nf6 58.Ke3 Ke7 59.Kf3 Ne8 60.Ke3 Nd6  1/2-1/2

[Event "Corus Reserve Gp"]
[Site "Wijk aan Zee NED"]
[Date "2001.01.26"]
[Round "9"]
[White "Wiersma,E"]
[Black "Velcheva,M"]
[Result "1/2-1/2"]
[WhiteElo "2404"]
[BlackElo "2273"]


1.e4 c5 2.Nf3 e6 3.d4 cxd4 4.Nxd4 Nc6 5.Nb5 d6 6.Bf4 e5 7.Be3 a6 8.N5c3 Nf6
9.Bg5 Be7 10.Bxf6 Bxf6 11.Nd2 O-O 12.Nc4 b5 13.Qxd6 Qxd6 14.Nxd6 Be6 15.O-O-O Nd4
16.Bd3 g6 17.Nb7 Rfc8 18.Kb1 Ra7 19.Na5 b4 20.Na4 Rac7 21.Nb6 Rb8 22.Nd5 Bxd5
23.exd5 Rc5 24.Nb3 Nxb3 25.axb3 Rxd5 26.Bc4 Rxd1+ 27.Rxd1 Rd8 28.Rxd8+ Bxd8
29.Bxa6 Bb6 30.f3  1/2-1/2

[Event "It"]
[Site "Bajmok YUG"]
[Date "2001.02.03"]
[Round "9"]
[White "Tokovic,S"]
[Black "Varga,P"]
[Result "1/2-1/2"]
[WhiteElo "2318"]
[BlackElo "2464"]

1.e4 c5 2.Nf3 Nc6 3.d4 cxd4 4.Nxd4 e6 5.Nb5 d6 6.Bf4 e5 7.Be3 a6 8.N5c3 Nf6
9.Bg5 Be7 10.Bxf6 Bxf6 11.Nd5 Bg5 12.Bd3 Ne7 13.Nbc3 Be6 14.Nxe7 Qxe7 15.Qe2 Rc8
16.O-O O-O 17.Nd1 d5 18.exd5 Bxd5 19.Bf5 Bc4 20.Bd3 Bxd3 21.cxd3 Rfd8 22.Ne3 Bxe3
23.fxe3 Qe6 24.Rfd1 Rc7 25.Rd2 Rdc8 26.b3 Qh6 27.Rad1 Rc3 28.h3 Qg5 29.Qf3 R8c7
30.Kh2 h6 31.Qg3 Qxg3+ 32.Kxg3 f5 33.Kf3 Kf7 34.g4 g6 35.gxf5 gxf5 36.d4 exd4
37.Rxd4 Re7 38.R4d3 Rxd3 39.Rxd3 Ke6 40.Rd4 Ke5 41.Rh4 Re6 42.Rb4 b5 43.a4 bxa4
44.Rxa4 Rb6  1/2-1/2

[Event "FSIMA February"]
[Site "Budapest HUN"]
[Date "2001.02.07"]
[Round "4"]
[White "Jurkovic,A"]
[Black "Erdelyi,Z"]
[Result "1-0"]
[WhiteElo "2349"]
[BlackElo "2244"]

1.e4 c5 2.Nf3 e6 3.d4 cxd4 4.Nxd4 Nc6 5.Nb5 d6 6.Bf4 e5 7.Be3 a6 8.N5c3 Nf6
9.Bc4 Be7 10.Nd5 Nxd5 11.Bxd5 O-O 12.Nc3 Bg5 13.Bxg5 Qxg5 14.O-O Bg4 15.f3 Bh3
16.Rf2 Nd4 17.f4 Qg6 18.f5 Qg5 19.Qd3 Bg4 20.Qg3 Qh5 21.Re1 Rac8 22.Kf1 b5
23.Bb3 Kh8 24.h3 b4 25.Nd5 Bd1 26.Ne3 g6 27.f6 Be2+ 28.Rexe2 Nxe2 29.Rxe2 Qh6
30.Kg1 g5 31.Nd5 g4 32.Qxg4 Rg8 33.Qf5 Rcf8 34.Ne7 Rg5 35.Qf3 Qh4 36.Nf5 Qf4
37.Qxf4 exf4 38.Nxd6 f3 39.Rf2 Kg8 40.Rxf3  1-0

[Event "Open"]
[Site "Coria del Rio ESP"]
[Date "2001.02.19"]
[Round "6"]
[White "Korneev,O"]
[Black "Teran Alvarez,I"]
[Result "1-0"]
[WhiteElo "2600"]
[BlackElo "2356"]

1.e4 c5 2.Nf3 e6 3.d4 cxd4 4.Nxd4 Nc6 5.Nb5 d6 6.Bf4 e5 7.Be3 Nf6 8.Bg5 a6
9.Bxf6 gxf6 10.N5c3 Be6 11.Nd5 Bg7 12.Nbc3 f5 13.exf5 Bxf5 14.Ne3 Be6 15.Bc4 O-O
16.O-O Rc8 17.Bd5 Qe7 18.Ne4 Nb4 19.Bxe6 Qxe6 20.c3 d5 21.Ng3 d4 22.Nef5 Nc6
23.Re1 dxc3 24.bxc3 Kh8 25.Qf3 Ne7 26.Nxg7 Kxg7 27.Qxb7 Rxc3 28.Qxe7 Qxe7
29.Nf5+ Kf6 30.Nxe7 Kxe7 31.Rxe5+ Kf6 32.Ra5 Rc6 33.g3 Rd8 34.Rb1 Rd4 35.Rb3 h6
36.Rba3 Rdd6 37.Rf3+ Kg7 38.Raf5 Rd7 39.R3f4 Rg6 40.Kg2 Rc7 41.Rd5 Rb7 42.h4 Rbb6
43.h5 Rgf6 44.Rxf6 Kxf6 45.Kf3 Kg7 46.Ke3 Rf6 47.f4 Rc6 48.Kd4 Rc2 49.a4 Rg2
50.Kc5 Rxg3 51.Kb6 Rf3 52.Rf5 f6 53.Kxa6 Kf7 54.a5 Ke6 55.Rb5 Rxf4 56.Kb7 Rg4
57.a6 Rg7+ 58.Kb6 f5 59.a7 Rg8 60.Ka6 Kf6 61.Rb6+ Ke5 62.Rb8 Rg1 63.Rb5+  1-0

[Event "IV Open"]
[Site "Malaga ESP"]
[Date "2001.02.28"]
[Round "6"]
[White "Castano,D"]
[Black "Teran Alvarez,I"]
[Result "1/2-1/2"]
[WhiteElo "2219"]
[BlackElo "2356"]

1.e4 c5 2.Nf3 e6 3.d4 cxd4 4.Nxd4 Nc6 5.Nb5 d6 6.Bf4 e5 7.Be3 Be6 8.N1c3 a6
9.Na3 b5 10.Nd5 Rc8 11.c4 b4 12.Nc2 Nf6 13.Bb6 Qd7 14.Nxf6+ gxf6 15.b3 Bg7
16.Qd2 f5 17.exf5 Bxf5 18.Nxb4 Nxb4 19.Qxb4 O-O 20.Be2 Qb7 21.Qa5 Qxg2 22.O-O-O Kh8
23.h4 Rg8 24.Be3 Qb7 25.Rhg1 Bf6 26.Rxg8+ Kxg8 27.Rxd6 Be7 28.Qxe5 Qh1+ 29.Rd1 Ba3+
30.Kd2 Bb4+ 31.Kc1 Ba3+ 32.Kd2  1/2-1/2

[Event "TCh-FIN 00-01"]
[Site "FIN"]
[Date "2001.03.11"]
[Round "9"]
[White "Lahtinen,M"]
[Black "Leino,J"]
[Result "1/2-1/2"]
[WhiteElo "2238"]
[BlackElo "2202"]

1.e4 c5 2.Nf3 e6 3.d4 cxd4 4.Nxd4 Nc6 5.Nb5 d6 6.c4 Nf6 7.N1c3 a6 8.Na3 b6
9.Be3 Bb7 10.Be2 Nb8 11.f3 Nbd7 12.O-O Rc8 13.Rc1 Be7 14.Qd2 O-O 15.Nc2 Qc7
16.Bf2 Ne5 17.Ne3 Rfd8 18.Rfd1 Qb8 19.Qe1 Bc6 20.Qf1 Rc7 21.Rd2 Rcd7 22.Rcd1 h6
23.Nc2 d5 24.exd5 exd5 25.Nd4 Ba8 26.cxd5 Nxd5 27.Ne4  1/2-1/2

[Event "17th Spring Festival"]
[Site "Budapest HUN"]
[Date "2001.03.22"]
[Round "7"]
[White "Vereb,G"]
[Black "Somogyi,I"]
[Result "1/2-1/2"]
[WhiteElo "2159"]
[BlackElo "2253"]

1.e4 c5 2.Nf3 e6 3.d4 cxd4 4.Nxd4 Nc6 5.Nb5 d6 6.c4 a6 7.N5a3 Nf6 8.Nc3 Be7
9.Be2 O-O 10.O-O b6 11.Be3 Bb7 12.Qb3 Nd7 13.Rad1 Rb8 14.Rd2 Qc7 15.f4 Nc5
16.Qd1 Rbd8 17.Bf3 Bf6 18.Nab1  1/2-1/2

[Event "Open"]
[Site "Bad Woerishofen GER"]
[Date "2001.03.23"]
[Round "9"]
[White "Sprenger,J"]
[Black "Simutowe,A"]
[Result "0-1"]
[WhiteElo "2326"]
[BlackElo "2462"]

1.e4 c5 2.Nf3 Nc6 3.d4 cxd4 4.Nxd4 e6 5.Nb5 d6 6.c4 a6 7.N5a3 Nf6 8.Nc3 Be7
9.Be2 O-O 10.O-O b6 11.Be3 Qc7 12.Rc1 Ne5 13.f4 Ned7 14.Bf3 Bb7 15.g4 h6
16.h4 Nh7 17.Qe1 Qd8 18.g5 e5 19.f5 hxg5 20.h5 Ndf6 21.Qg3 g4 22.h6 gxh6
23.Bxh6 Kh8 24.Bxf8 Qxf8 25.Kf2 gxf3 26.Rh1 Bxe4 27.Rxh7+ Nxh7 28.Nxe4 Qh6
29.Rg1 Bh4  0-1

[Event "ch-BUL Women"]
[Site "Plovdiv BUL"]
[Date "2001.03.25"]
[Round "6"]
[White "Jovkova Draganova,P"]
[Black "Andreeva,M"]
[Result "1-0"]
[WhiteElo "2040"]
[BlackElo "2218"]

1.e4 c5 2.Nf3 Nc6 3.d4 cxd4 4.Nxd4 e6 5.Nb5 d6 6.Bf4 e5 7.Be3 Be6 8.c4 Be7
9.Qd2 Nf6 10.f3 O-O 11.Be2 a6 12.N5c3 b5 13.Nd5 Bxd5 14.cxd5 Na5 15.b4 Nb7
16.O-O Qd7 17.Nc3 Rfc8 18.a4 bxa4 19.Nxa4 Bd8 20.Nb6 Bxb6 21.Bxb6 a5 22.bxa5 Ne8
23.Rfb1 Nc7 24.a6 Nc5 25.Bxc5 dxc5 26.Rb7 Rcb8 27.Rxb8+ Rxb8 28.a7 Ra8 29.Qa5 Qd6
30.Rb1 g6 31.Rb6 Qd8 32.Rb7 Rc8 33.Rxc7  1-0

[Event "ch-CUB"]
[Site "Las Tunas CUB"]
[Date "2001.04.09"]
[Round "9"]
[White "Herrera,I"]
[Black "Vazquez,R"]
[Result "1/2-1/2"]
[WhiteElo "2432"]
[BlackElo "2393"]

1.e4 c5 2.Nf3 Nc6 3.d4 cxd4 4.Nxd4 e6 5.Nb5 d6 6.Bf4 Ne5 7.N1c3 a6 8.Bxe5 dxe5
9.Qxd8+ Kxd8 10.O-O-O+ Bd7 11.Nd6 Bxd6 12.Rxd6 Ke7 13.Rd2 Nf6 14.f3 h5 15.h4 Bc6
16.Be2 b5 17.Nd1 Rac8 18.Nf2 Bb7 19.b3 Nd7 20.Kb2 Nc5 21.Nd3 Nd7 22.Rhd1 Rc7
23.Ra1 a5 24.Nf2 Bc6 25.Rc1 Rb8 26.c4 b4 27.Nd3 f6 28.a3 bxa3+ 29.Kxa3 Rcb7
30.Bd1 g6 31.Bc2 Ra7 32.Bd1 Rd8 33.Ne1 Nc5 34.Rxd8 Kxd8 35.Bc2 Kc7 36.Rd1 Ra8
37.Nd3 Kb6 38.Kb2 Nxd3+ 39.Rxd3 Kc5 40.Kc3 Rb8 41.Rd1 a4 42.bxa4  1/2-1/2

[Event "ch-CUB"]
[Site "Las Tunas CUB"]
[Date "2001.04.16"]
[Round "14"]
[White "Garcia Martinez,S"]
[Black "Gongora,M"]
[Result "1/2-1/2"]
[WhiteElo "2378"]
[BlackElo "2417"]

1.e4 c5 2.Nf3 e6 3.d4 cxd4 4.Nxd4 Nc6 5.Nb5 d6 6.c4 Nf6 7.N5c3 Be7 8.Be2 O-O
9.O-O b6 10.Bf4 a6 11.a3 Bb7 12.Re1 Qc7 13.Bf1 Ne5 14.Nd2 Kh8 15.Rc1 Rg8
16.b4 g5 17.Bg3 h5 18.Nb3 Rad8 19.Bxe5 dxe5 20.Qf3 g4 21.Qe3 Nh7 22.Rcd1 Bg5
23.Qe2 Bf4 24.Rxd8 Qxd8 25.Rd1 Qe7 26.g3 Bh6 27.c5 bxc5 28.Nxc5 Bc8 29.N3a4 Ng5
30.Bg2 Qa7 31.Qd3 Bf8 32.Qd8 Be7 33.Qb6 Qxb6 34.Nxb6 a5 35.Nc4 axb4 36.axb4 f6
37.Na5 Bd8 38.Rd6 Be7 39.Rb6 Rd8 40.Kf1 Bxc5 41.bxc5 Rd1+ 42.Ke2 Ra1 43.Rb8 Rxa5
44.Rxc8+ Kg7 45.Kd3 Ra3+ 46.Kd2 Kf7 47.c6 Ke7 48.Rh8 Ra2+ 49.Ke3 Kd6 50.Rxh5 Ra3+
51.Ke2 Kxc6 52.Rh6 Kc5 53.Rxf6 Kd4 54.Rf8 Ra2+ 55.Ke1 Ra1+ 56.Ke2 Ra2+ 57.Ke1 Ra1+  1/2-1/2

[Event "Open"]
[Site "Dubai UAE"]
[Date "2001.04.18"]
[Round "4"]
[White "El Taher,F"]
[Black "Shetty,R"]
[Result "1-0"]
[WhiteElo "2476"]
[BlackElo "2318"]

1.e4 c5 2.Nf3 e6 3.d4 cxd4 4.Nxd4 Nc6 5.Nb5 d6 6.Bf4 e5 7.Be3 Be6 8.Nd2 a6
9.Nc3 Rc8 10.Nc4 Nd4 11.Bxd4 Bxc4 12.Bxc4 Rxc4 13.Be3 Nf6 14.Qd3 Qc8 15.O-O-O b5
16.f3 Be7 17.g4 O-O 18.g5 Nd7 19.Nd5 Bd8 20.h4 Kh8 21.Kb1 Nc5 22.Qd2 Ne6
23.c3 a5 24.h5 b4 25.g6 bxc3 26.Nxc3 a4 27.h6 fxg6 28.hxg7+ Nxg7 29.Qxd6 Bf6
30.Nd5 Rc6 31.Nxf6 Rxf6 32.Qe7  1-0

[Event "5th GM"]
[Site "Rijeka HUN"]
[Date "2001.04.20"]
[Round "3"]
[White "Ljubicic,F"]
[Black "Bistric,F"]
[Result "0-1"]
[WhiteElo "2397"]
[BlackElo "2454"]

1.e4 c5 2.Nf3 e6 3.d4 cxd4 4.Nxd4 Nc6 5.Nb5 d6 6.c4 Nf6 7.N1c3 a6 8.Na3 b6
9.Be2 Bb7 10.O-O Be7 11.Be3 O-O 12.f3 Qc7 13.Rc1 Nb8 14.Qe1 Nbd7 15.Qg3 Rfe8
16.Nc2 Rac8 17.Rfd1 Qb8 18.Nd4 Kh8 19.Kh1 Rg8 20.b4 g5 21.Qh3 Ne5 22.Na4 g4
23.fxg4 Nfxg4 24.Nxb6 Rcd8 25.Bg1 Rg6 26.Qc3 Bxe4 27.Nf3 Bf6 28.Qa3 Rdg8
29.h3 Nh6 30.Bf1 Bxf3  0-1

[Event "4th Open"]
[Site "Tanta City EGY"]
[Date "2001.04.21"]
[Round "4"]
[White "Frhat,A"]
[Black "Sidorova,E"]
[Result "1-0"]
[WhiteElo "2306"]
[BlackElo "2243"]

1.e4 c5 2.Nf3 Nc6 3.d4 cxd4 4.Nxd4 e6 5.Nb5 d6 6.c4 Nf6 7.N1c3 a6 8.Na3 Be7
9.Be2 O-O 10.O-O b6 11.Be3 Ne5 12.f3 Qc7 13.Qe1 Re8 14.Qf2 Rb8 15.Rac1 h6
16.Rfd1 Nfd7 17.Nab1 Bb7 18.Nd2 Rbc8 19.b3 Ba8 20.Nf1 Ng6 21.Ng3 Qb8 22.Bf1 Kh7
23.f4 Rc7 24.Bd3 Kg8 25.Rf1 Bf8 26.Bb1 b5 27.cxb5 axb5 28.Nce2 Nf6 29.Rxc7 Qxc7
30.Rc1 Qb7 31.h3 h5 32.e5 h4 33.exf6 hxg3 34.Nxg3 gxf6 35.Nh5 Be7 36.f5 exf5
37.Bxf5 Bd8 38.Bd4 Kh7 39.Nxf6+ Bxf6 40.Bxf6 Kg8 41.Qg3 Qb6+ 42.Kh1 d5 43.Qg5  1-0

[Event "4th Open"]
[Site "Tanta City EGY"]
[Date "2001.04.21"]
[Round "4"]
[White "Himdan,M"]
[Black "Surjadnji,A"]
[Result "1/2-1/2"]
[WhiteElo "2348"]
[BlackElo "2431"]

1.e4 c5 2.Nf3 e6 3.d4 cxd4 4.Nxd4 Nc6 5.Nb5 d6 6.Bf4 e5 7.Be3 a6 8.N5c3 Nf6
9.Bg5 Be7 10.Bxf6 Bxf6 11.Nd2 Be6 12.Nc4 O-O 13.Qxd6 Qxd6 14.Nxd6 b5 15.Bd3 g6
16.Nd5 Bxd5 17.exd5 Nb4 18.Be4 Be7 19.Nxf7 Rxf7 20.d6 Bxd6 21.Bxa8 Nxc2+
22.Ke2 Nxa1 23.Rxa1 Rc7 24.Rd1 Rc2+ 25.Rd2 Rxd2+ 26.Kxd2 a5 27.Kd3 Bc5 28.f3 Bd4
29.b3 Bg1 30.h3 Kg7 31.Ke4 Kf6 32.Bc6 b4 33.f4 exf4 34.Kxf4  1/2-1/2

[Event "ch-NED semi-finals"]
[Site "Leeuwarden NED"]
[Date "2001.05.06"]
[Round "2.5"]
[White "Solleveld,Maa"]
[Black "Van der Werf,M"]
[Result "0-1"]
[WhiteElo "2414"]
[BlackElo "2445"]

1.e4 c5 2.Nf3 e6 3.d4 cxd4 4.Nxd4 Nc6 5.Nb5 d6 6.c4 Nf6 7.N1c3 a6 8.Na3 Be7
9.Be2 b6 10.O-O Bb7 11.Be3 Ne5 12.f3 O-O 13.Qd2 Qc7 14.Rfd1 Ned7 15.Rac1 Rac8
16.Bf1 Qb8 17.Kh1 Kh8 18.Nc2 Bd8 19.Qf2 Bc7 20.Qg1 Rg8 21.Nd4 g5 22.Nde2 g4
23.Ng3 gxf3 24.gxf3 d5 25.cxd5 Bxg3 26.hxg3 Rxg3 27.Qh2 Rxf3 28.Qxb8 Rxb8
29.Bd4 e5 30.Bg1 Rg8 31.Bg2 Rfg3 32.Rc2 R3g4 33.Bh3 Rh4 34.Rh2 Ng4 35.Bxg4 Rhxg4
36.Rf1 R8g7 37.Be3 b5 38.a3 Kg8 39.Rh5 R7g6 40.Rf3 Nf6 41.Rxf6 Rxf6 42.Rxe5 Rfg6
43.Rh5 a5 44.Nxb5 Rxe4 45.Bc5 Bxd5 46.Kh2 Re2+ 47.Kh3 Be6+ 48.Kh4 Rh2+  0-1

[Event "ch-NED semi-finals"]
[Site "Leeuwarden NED"]
[Date "2001.05.06"]
[Round "2.2"]
[White "Solleveld,Maa"]
[Black "Van der Werf,M"]
[Result "1/2-1/2"]
[WhiteElo "2414"]
[BlackElo "2445"]

1.e4 c5 2.Nf3 e6 3.d4 cxd4 4.Nxd4 Nc6 5.Nb5 d6 6.c4 Nf6 7.N1c3 a6 8.Na3 Be7
9.Be2 b6 10.O-O Bb7 11.Be3 Ne5 12.f3 O-O 13.Qd2 d5 14.cxd5 exd5 15.exd5 Bxd5
16.f4 Nc6 17.Rfd1 Nb4 18.Nc4 Bxc4 19.Bxc4 Ng4 20.Bd4 Qc7 21.Qe2 Rad8 22.Qxg4 Rxd4
23.Rxd4 Bc5 24.f5 Qe5 25.Kh1 Bxd4 26.Rf1 Kh8 27.Ne4 Nd5 28.Bxd5 Qxd5 29.Rd1 Qe5
30.b4 Re8 31.Ng3 Bf2 32.Ne4 h6 33.Nd2 Qd5 34.h3 Rd8 35.f6 g5 36.Qh5 Kh7 37.Rf1 Be3
38.Ne4 Rg8 39.Ng3 Rg6 40.Nf5 Bf4 41.Ne7 Qd3 42.Qf3 Qxf3 43.Rxf3 Rxf6 44.Nd5 Rf5
45.Nxb6 Rb5 46.Nd7 Kg7 47.g3 Bd6 48.a3 a5 49.Nf6 Be5 50.Ng4 axb4 51.Nxe5 Rxe5
52.axb4 Re1+ 53.Kg2 Rb1 54.g4 Rxb4 55.Kg3 h5 56.gxh5 Rh4 57.Ra3 f5 58.Ra7+ Kh6
59.Ra6+ Kxh5 60.Rf6 Rf4 61.Kg2 g4 62.hxg4+ Kxg4 63.Rg6+ Kh5 64.Rg3 Ra4 65.Kf3 Ra3+  1/2-1/2

[Event "XXXVI Capablanca Mem Premier I"]
[Site "Havana CUB"]
[Date "2001.05.07"]
[Round "3"]
[White "Leyva,R"]
[Black "Borges Mateos,J"]
[Result "1/2-1/2"]
[WhiteElo "2400"]
[BlackElo "2436"]

1.e4 c5 2.Nf3 e6 3.d4 cxd4 4.Nxd4 Nc6 5.Nb5 d6 6.c4 Nf6 7.N1c3 a6 8.Na3 Be7
9.Be2 O-O 10.O-O b6 11.Be3 Bb7 12.Qb3 Na5 13.Qxb6 Nxe4 14.Nxe4 Bxe4 15.Qxd8 Bxd8
16.Rfd1 Rb8 17.b3 Be7 18.Rac1 Nb7 19.f3 Bg6 20.Nc2 Nc5 21.Nd4 Rfc8 22.Bf1 h6
23.Rd2 a5 24.Nb5 Nxb3 25.axb3 Rxb5 26.cxb5 Rxc1 27.Rb2 Ra1 28.Kf2 d5 29.b6 Bd6
30.b7 Bb8 31.Bb5 f6 32.Ke2 Kf7 33.Bc6 Ke7 34.Bc5+ Kd8 35.Bb6+ Ke7 36.Bc5+ Kd8
37.Bb6+ Ke7 38.Bc5+ Kf7 39.Kd2 h5 40.h3 Bh7 41.h4 Bf5 42.Bb6 Ke7  1/2-1/2

[Event "TCh-YUG Women"]
[Site "Herceg Novi YUG"]
[Date "2001.05.17"]
[Round "4"]
[White "Nikolin,Zo"]
[Black "Khurtsidze,N"]
[Result "0-1"]
[WhiteElo "2156"]
[BlackElo "2456"]

1.e4 c5 2.Nf3 e6 3.d4 cxd4 4.Nxd4 Nc6 5.Nb5 d6 6.c4 Nf6 7.N1c3 a6 8.Na3 b6
9.Be3 Be7 10.Be2 Ne5 11.f4 Ned7 12.Bf3 Bb7 13.Qe2 O-O 14.O-O Qc7 15.Rac1 Rfe8
16.g4 Nc5 17.Qg2 Rac8 18.g5 Nfd7 19.Rfd1 Nf8 20.Nab1 Qb8 21.f5 Ncd7 22.f6 Bd8
23.Bf4 Ne5 24.Bh5 Nfg6 25.Bxg6 hxg6 26.Bxe5 dxe5 27.fxg7 Kxg7 28.Rd7 Rc7
29.Rcd1 Rxd7 30.Rxd7 Bc8 31.Rd3  0-1

[Event "TCh-YUG Women"]
[Site "Herceg Novi YUG"]
[Date "2001.05.20"]
[Round "7"]
[White "Vujosevic,Sn"]
[Black "Zarkovic,D"]
[Result "1/2-1/2"]
[WhiteElo "2022"]
[BlackElo "2076"]

1.e4 c5 2.Nf3 e6 3.d4 cxd4 4.Nxd4 Nc6 5.Nb5 d6 6.Bf4 e5 7.Be3 a6 8.N5c3 Be6
9.Be2 Nf6 10.O-O Be7 11.Na3 b5 12.Nd5 O-O 13.f3 Bxd5 14.exd5 Nb4 15.c4 bxc4
16.Bxc4 Qa5 17.Qd2 Bd8 18.Rfd1 Bb6 19.Bxb6 Qxb6+ 20.Kh1 e4 21.fxe4 Nxe4 22.Qd4 Nc5
23.Rac1 Rae8 24.Re1 Qd8 25.Qc3 a5 26.Qf3 Qh4 27.Rxe8 Rxe8 28.Rf1 f6 29.g3 Qd4
30.Qc3 Qe4+ 31.Qf3 Qe5 32.Bb5 Re7  1/2-1/2

[Event "IX Guillermo Garcia Mem Alfil"]
[Site "Santa Clara CUB"]
[Date "2001.05.23"]
[Round "1"]
[White "Abreu,A"]
[Black "Garcia Martinez,S"]
[Result "1/2-1/2"]
[WhiteElo "2480"]
[BlackElo "2378"]

1.e4 c5 2.Nf3 e6 3.d4 cxd4 4.Nxd4 Nc6 5.Nb5 d6 6.c4 Nf6 7.N1c3 a6 8.Na3 Be7
9.Be2 O-O 10.O-O b6 11.Be3 Bb7 12.Rc1 Re8 13.Qb3 Nd7 14.Rfd1 Rc8 15.Qc2 Bf8
16.Qd2 Ba8 17.f3 Rc7 18.Bf1 Qb8 19.Nc2 Nce5 20.b3 Nf6 21.Nb4 Qb7 22.a3 Ned7
23.Bf4 Nc5 24.Qb2 Rd7 25.Nc2 Nh5 26.Be3 Rc7 27.Nd4 Nd7 28.Qf2 Rcc8 29.b4 Ne5
30.Na4 Nxc4 31.Bxc4 b5 32.Bb3 bxa4 33.Bxa4 Rxc1 34.Rxc1 Rc8 35.Rxc8 Qxc8
36.Qc2 Qxc2 37.Bxc2 Nf6 38.Bd3 Bb7 39.b5 axb5 40.Bxb5 e5 41.Nb3 d5 42.Bc5 dxe4
43.Bxf8 Kxf8  1/2-1/2

[Event "6th Stuttgart Open"]
[Site "Ditzingen GER"]
[Date "2001.05.26"]
[Round "5"]
[White "Heining,T"]
[Black "Gabriel,R"]
[Result "1/2-1/2"]
[WhiteElo "2082"]
[BlackElo "2292"]

1.e4 c5 2.Nf3 e6 3.d4 cxd4 4.Nxd4 Nc6 5.Nb5 d6 6.c4 a6 7.N5c3 Nf6 8.Be2 Be7
9.O-O O-O 10.Be3 Qc7 11.Nd2 b6 12.Rc1 Bb7 13.Nd5 exd5 14.cxd5 b5 15.dxc6 Bxc6
16.e5 Nd5 17.Bf3 Nxe3 18.fxe3 Bxf3 19.Rxc7 Bxd1 20.Rxe7 Bg4 21.exd6 Rad8
22.Ne4 f5 23.Ng3 f4 24.exf4 Rxd6 25.f5 Rdf6 26.Re5 g6 27.fxg6 Rxf1+ 28.Nxf1 hxg6
29.Ne3 Bc8 30.Re7 Rd8 31.Kf2 Kf8 32.Rc7 Be6 33.Rc6 Kf7 34.Ke2 a5 35.Rb6 Bxa2
36.Rxb5 a4 37.Rb6 Ra8 38.Kd2 a3 39.bxa3 Rxa3 40.Ke2 Be6 41.h4 Ra4 42.g3 Rd4
43.Kf3 Ra4 44.g4 Rd4 45.Rb7+ Kf8 46.Rc7  1/2-1/2

[Event "XXVI Elekes Mem IM"]
[Site "Budapest HUN"]
[Date "2001.05.28"]
[Round "8"]
[White "Jamrich,G"]
[Black "Somogyi,I"]
[Result "1/2-1/2"]
[WhiteElo "2271"]
[BlackElo "2243"]

1.e4 c5 2.Nf3 e6 3.d4 cxd4 4.Nxd4 Nc6 5.Nb5 Nf6 6.N1c3 Bb4 7.a3 Bxc3+ 8.Nxc3 d5
9.exd5 exd5 10.Bd3 O-O 11.O-O h6 12.Bf4 d4 13.Ne4 Nxe4 14.Bxe4 Re8 15.Re1 Be6
16.b4 Bd5 17.Bd3 a6 18.Qh5 Re6 19.Rxe6 fxe6 20.Qg6 Ne7 21.Qh7+ Kf7 22.Be5 Nf5
23.Bxf5 Qg5 24.Bxe6+ Kxe6 25.Bg3 Kf7 26.Qd3 Rc8 27.Re1 Be6 28.h4 Qf5 29.Qxd4 Rxc2
30.Be5 Rc4 31.Qd8 Rc8 32.Qb6 Bd5 33.Qd6 Bc6 34.Bd4 Re8 35.Qc7+ Qd7 36.Qxd7+ Bxd7
37.Rd1 Bc6 38.Bc5 g6 39.f3 h5 40.Kf2 Bb5 41.Rd2 Re6 42.g4 hxg4 43.fxg4 Bc6
44.Kg3 Rf6 45.Rd3 Rf1 46.Re3 Kg8 47.Be7 Rg1+ 48.Kf4 Bd7 49.g5 Rg4+ 50.Ke5 Kf7
51.Bf6 Bc6 52.Kd6 Re4 53.Rh3 Re6+ 54.Kc7 Be4 55.h5 Rc6+ 56.Kb8 gxh5 57.Rxh5 Rc2
58.Rh3 Ra2 59.Re3 Bc6 60.Kc7 Rd2 61.Kb6 Rd7 62.Rc3 Be4 63.a4 Rd6+ 64.Ka7 Rc6
65.Re3 Rc4 66.Bc3 Bc6 67.a5 Kg6 68.Bd2 Rd4 69.Re2 Kf7 70.Rh2 Ke6 71.Rf2 Rg4
72.Kb6 Rc4 73.Rf6+ Kd7 74.g6 Bd5 75.Rf5 Be4 76.Rf7+ Ke6 77.Rxb7 Rc6+ 78.Ka7 Bxg6
79.b5 axb5 80.Rxb5 Bd3 81.Rh5 Rc2 82.Be3 Ra2 83.Kb6 Rb2+ 84.Kc7 Ra2 85.Bd4 Ra4
86.Be3 Be2 87.Rg5 Kf6 88.Rc5 Rc4  1/2-1/2

[Event "ch-IND"]
[Site "New Delhi IND"]
[Date "2001.06.04"]
[Round "6"]
[White "Konguvel,P"]
[Black "Roy Chowdhury,S"]
[Result "1-0"]
[WhiteElo "2383"]
[BlackElo "2306"]

1.e4 c5 2.Nf3 e6 3.d4 cxd4 4.Nxd4 Nc6 5.Nb5 d6 6.Bf4 e5 7.Be3 Nf6 8.Bg5 a6
9.Bxf6 gxf6 10.N5c3 Bg7 11.Nd2 O-O 12.Nc4 Nd4 13.Nd5 f5 14.c3 fxe4 15.cxd4 exd4
16.Ncb6 Rb8 17.Bc4 Be6 18.O-O f5 19.Qb3 Kh8 20.Nf4 Bxc4 21.Nxc4 Qe7 22.Qh3 Kg8
23.Rac1 Rbc8 24.Nb6 Rc6 25.Nbd5 Qf7 26.Qh4 Re8 27.Nb4 Rc5 28.Nh5 a5 29.Nxg7 Kxg7
30.Rxc5 dxc5 31.Nc2 Kh8 32.Qf4 Qe6 33.b3 a4 34.Rb1 b5 35.Qc7 axb3 36.axb3 Qd5
37.Qb6 b4 38.Ra1 Ra8 39.Rxa8+ Qxa8 40.Qxc5 d3 41.Qd4+ Kg8 42.Ne3 Qa3 43.Qd8+ Kf7
44.Qd7+ Kg8 45.Qe6+ Kh8 46.Qe8+ Kg7 47.Nxf5+ Kf6 48.g4  1-0

[Event "ch-IND"]
[Site "New Delhi IND"]
[Date "2001.06.06"]
[Round "9"]
[White "Sriram,J"]
[Black "Mishra,N"]
[Result "0-1"]
[WhiteElo "2390"]
[BlackElo "2321"]

1.e4 c5 2.Nf3 e6 3.d4 cxd4 4.Nxd4 Nc6 5.Nb5 d6 6.c4 Nf6 7.N1c3 a6 8.Na3 Be7
9.Be2 O-O 10.O-O b6 11.Be3 Qc7 12.Rc1 Ne5 13.f4 Ned7 14.Bf3 Bb7 15.g4 h6
16.h4 Nh7 17.g5 hxg5 18.hxg5 Qd8 19.Bg4 e5 20.Bxd7 Qxd7 21.Qh5 exf4 22.Bxf4 g6
23.Qh4 Qd8 24.Rcd1 Bxg5 25.Bxg5 Nxg5 26.Qh6 Qe7 27.Rd3 Nxe4 28.Re1 Rfe8 29.Nxe4 Bxe4
30.Rh3 Qf6 31.Qh7+ Kf8 32.Qh6+ Qg7 33.Rxe4 Rxe4 34.Qh8+ Qg8 35.Qf6 Re6 36.Qd4 Ke7
37.Qd5 Qc8 38.Qg5+ Kd7 39.b4 Qc6 40.Qf4 Rf8 41.Nc2  0-1

[Event "ch-IND"]
[Site "New Delhi IND"]
[Date "2001.06.09"]
[Round "16"]
[White "Neelotpal,D"]
[Black "Mishra,N"]
[Result "1/2-1/2"]
[WhiteElo "2423"]
[BlackElo "2321"]

1.e4 c5 2.Nf3 e6 3.d4 cxd4 4.Nxd4 Nc6 5.Nb5 d6 6.c4 Nf6 7.N1c3 a6 8.Na3 Be7
9.Be2 O-O 10.O-O b6 11.Be3 Qc7 12.Rc1 Ne5  1/2-1/2